| 000 | 00526nam a22001457a 4500 | ||
|---|---|---|---|
| 008 | 160811b xxu||||| |||| 00| 0 eng d | ||
| 050 | _aPR9340.L334 | ||
| 100 |
_aLarson, Charles R. _96086 |
||
| 245 |
_aThe Emergence of Africa fiction _c/ Charles R. Larson |
||
| 260 |
_aUnited States of America _bIndiana University Press _c1971 |
||
| 300 |
_av.311p. _c19cm. |
||
| 650 |
_aAfrican fiction (english) _xHistory and criticism _912267 |
||
| 650 |
_aAfrican fiction (French) _xHistory and criticism _924863 |
||
| 942 |
_2lcc _cMONOGRAPH |
||
| 999 |
_c124939 _d124939 |
||